000 00619nam a2200229Ia 4500
003 OSt
005 20221007074246.0
006 a|||||r|||| 00| 0
007 ta
008 221006b |||||||| |||| 00| 0 eng d
024 _a29,411
037 _cTextual
040 _aFLL
_cFLL
_beng
041 _2eng
_aeng
082 _aV73:2:Z:881, K2
100 _aBeard Charles A.
245 0 _aSupreme Court and the constitution
260 _aN.J.
_bPrentice-Hall, Inc. N.J.
_c1962
300 _aviii,149p
_ccm.
942 _hV73:2:Z:881, K2
_cTEXL
_2CC
999 _c1151721
_d1151721